Llei de l'habitatge : Llei 24/1991 de 29 de novembre Llei 24/1991 de 29 de novembre
Descripción Física:
42 p. ; 17 cm
Otros Autores:
Col·legi d'Advocats de Barcelona. Comissió de Cultura
MARC
| LEADER | 00000nam a2200000Ia 4500 | ||
|---|---|---|---|
| 001 | 10955 | ||
| 008 | 160829s9999 xx 000 0 cat d | ||
| 080 | |a FU-3-8 | ||
| 100 | |a Catalunya. Llei de l'habitatge (1991) |9 24329 | ||
| 245 | |a Llei de l'habitatge : |b Llei 24/1991 de 29 de novembre | ||
| 260 | |a Barcelona : |b Il·lustre Col·legi d'Advocats de Barcelona. Comissió de Cultura, dl 1992 | ||
| 300 | |a 42 p. ; |c 17 cm | ||
| 650 | |a Habitatge |x Dret i legislació |x Catalunya |9 24330 | ||
| 700 | |a Col·legi d'Advocats de Barcelona. Comissió de Cultura |9 24331 | ||
| 901 | |a Arxiu | ||
| 942 | |n 1 | ||
| 952 | |0 0 |1 0 |4 0 |6 FU38 |7 1 |9 43089 |a Arxiu |b Arxiu |d 2016-12-01 |l 0 |o FU-3-8 |p 10955 |r 2016-12-01 00:00:00 |w 2016-12-01 |y ARXIU | ||
| 999 | |c 45633 |d 45633 | ||